|
|
|
|
| LEADER |
00000nam a22000007a 4500 |
| 005 |
20220825215849.0 |
| 007 |
cr|||| |||| |
| 008 |
220825s2018 co |||||s|||| 00||0 spa d |
| 020 |
|
|
|a 978-958-771-566-8
|
| 035 |
|
|
|a 36977
|
| 040 |
|
|
|a vLex
|
| 090 |
|
|
|c 13839
|d 13839
|
| 100 |
1 |
|
|a Acero Colmenares, Jos ̌Luis
|
| 245 |
1 |
0 |
|a Banca de inversin̤
|h [Recurso electrn̤ico] /
|c Jos ̌Luis Acero Colmenares
|
| 256 |
|
|
|a Servicio en ln̕ea
|
| 260 |
|
|
|a Bogot:̀
|b Ecoe Ediciones S.A.S.
|c 2018
|
| 300 |
|
|
|a 1 recurso electrn̤ico
|
| 500 |
|
|
|a La postmodernidad econm̤icamente est ̀estimulada por el consumo y la masificacin̤ de los medios de comunicacin̤ y la tecnologa̕. La banca de inversin̤ ha existido desde la antigua Roma, por ello el autor recoge sus operaciones a lo largo de la historia hasta la actualidad para poder transmitir la manera de interactuar exitosamente con ella. La obra parte de una fundamentacin̤ histr̤ica para definir la banca de inversin̤; describe la dinm̀ica de los bancos de inversin̤ y de los fondos de capital privado y sus operaciones; aborda la manera de interactuar con los banqueros de inversin̤ y concluye con lecciones escogidas de banca de inversin̤. El libro va dirigido a empresarios, a banqueros comerciales, a innovadores ejecutivos y a inversores; as ̕como a acadm̌icos y estudiantes de las r̀eas de finanzas, economa̕, administracin̤ de empresas e ingeniera̕ industrial.
|
| 506 |
1 |
|
|a Disponible solo en los productos indicados
|d vLex Global
|d vLex Global (Academic Edition, excluding Law Schools)
|d vLex Global (U.S. Academic Edition, Law Schools)
|d vLex Global (U.S. Academic Edition, excluding Law Schools)
|d vLex Global (Academic Edition, Law Schools)
|
| 650 |
0 |
4 |
|a Contabilidad
|z Colombia
|
| 650 |
0 |
4 |
|a Banca y finanzas
|z Colombia
|
| 740 |
0 |
|
|a vLex Libros (Servicio en ln̕ea)
|
| 856 |
4 |
0 |
|u https://app.vlex.com/#/sources/36977
|z Acceso restringido
|
| 942 |
|
|
|c BOOK
|
| 999 |
0 |
|
|a Accounting
|
| 999 |
0 |
|
|a Banking and finance
|